Perlembagaan dan undang-undang am [panduan kepada calon-calon peperiksaan undang-undang kerajaan] : (hingga 5hb Januari 2006

Bibliographic Details
Corporate Author: MALAYSIA
Format: Book
Published: Kuala Lumpur : International Law Book Services , 2006
Series:Undang-undang Malaysia
Subjects:

MARC

LEADER 00000cam a2200000 7i4500
001 0000003569
005 20060621.0
020 0 0 |a 9678916584 
090 0 0 |a 342.595   |b MAL 2006 
110 1 0 |a MALAYSIA 
245 1 0 |a Perlembagaan dan undang-undang am [panduan kepada calon-calon peperiksaan undang-undang kerajaan] :   |b (hingga 5hb Januari 2006   |c disusun oleh Lembaga Penyelidikan Undang-undang 
260 0 0 |a Kuala Lumpur :   |b International Law Book Services ,   |c 2006 
300 |a xii, 734 p. ;   |c 24 cm. 
440 0 0 |a Undang-undang Malaysia 
650 0 0 |a Law   |z Malaysia 
651 0 0 |a Malaysia   |x Constitutional law 
998 |a JPSM 
999 |a 0000006923   |b Monograph   |c Acts   |e Default branch